Loading...
| Philosophy | 0 | 3 | 0 | 3 | 30 | 119 | 136.33 | 0 | 3 | 0.32 | 16.67 |
| Science - Other | 0 | 2 | 0 | 0 | 20 | 132 | 135.00 | 0 | 2 | 1.68 | 12.50 |
| Short Fiction and Other | 0 | 2 | 0 | 1 | 20 | 90 | 112.00 | 1 | 2 | 5.22 | 16.67 |
| Science - Math | 0 | 1 | 0 | 1 | 10 | 148 | 148.00 | 0 | 1 | 1.33 | 50.00 |
| Science - Physics | 0 | 2 | 2 | 0 | 10 | 74 | 98.50 | 0 | 2 | 5.65 | 11.11 |
| Science - Biology | 0 | 1 | 0 | 1 | 10 | 130 | 130.00 | 0 | 1 | 0.17 | 5.56 |
| Science - Chemistry | 0 | 1 | 0 | 0 | 10 | 143 | 143.00 | 0 | 1 | 0.23 | 5.56 |
| Literature - Drama | 0 | 1 | 0 | 1 | 10 | 165 | 165.00 | 0 | 1 | 0.17 | 7.14 |
| Social Science | 0 | 1 | 1 | 1 | 5 | 140 | 140.00 | 0 | 1 | 0.05 | 3.57 |
| Literature - Long Fiction | 0 | 1 | 1 | 0 | 5 | 128 | 128.00 | 1 | 1 | 1.73 | 9.09 |
| Mythology | 0 | 0 | 0 | 0 | 0 | 0.00 | 0 | 0 | 0.00 | 0.00 | |
| History - American | 0 | 0 | 0 | 0 | 0 | 0.00 | 0 | 0 | 0.00 | 0.00 |